00804 a2200217 4500003000500000005001700005010001300022040000900035082001900044100003200063245009100095250001100186260004000197300004400237505007300281600003200354650004100386942001200427999001900439952012800458Nust20221222101622.0 a48006305 cNust a621.384191,LOR aPierce, John Alvin,9105621 aLoran, long range navigation /cEidted. by J.A. Pierce, A.A. McKenzie & R.H. Woodward. a1st ed aMcGraw-Hill Book CobNew Yorkc1948 axiv, 476 pbilluscmapsediagrsf24 cm. aPart.1 The Loran System (Page-3), Part.2 Loran Equipment (Page-197). aPierce, John Alvin,9105621 aLoran, long range navigation9105622 2ddccBK c183829d183829 00102ddc4070aMCSbMCScGENd2016-12-12o621.384191,LORpMCS20603r2016-12-08w2016-12-12yBKzAlmirah No.39, Shelf No.1